| 000 | 00343nam a2200145Ia 4500 | ||
|---|---|---|---|
| 008 | 220613s9999||||xx |||||||||||||| ||und|| | ||
| 020 | _aISBN-978-0-07-179893-8 | ||
| 100 | _aCunningham F Gary | ||
| 245 | 0 | _aWilliams Obstetrics | |
| 250 | _a24th(2017) | ||
| 260 | _bMc Graw Hill | ||
| 300 | _a1358 | ||
| 650 | _aObs & Gyne | ||
| 942 | _cSURG | ||
| 999 |
_c10901 _d10901 |
||